New era for plan-making (Record no. 80392)

MARC details
000 -LEADER
fixed length control field 01158cab a22002055a 4500
001 - CONTROL NUMBER
control field L144213
008 - FIXED-LENGTH DATA ELEMENTS--GENERAL INFORMATION
fixed length control field 080704e20080620xxko f 000 0 eng d
035 ## - SYSTEM CONTROL NUMBER
System control number (Sirsi) u144213
041 0# - LANGUAGE CODE
Language code of text/sound track or separate title eng
100 1# - MAIN ENTRY--PERSONAL NAME
Personal name Baker, John
245 00 - TITLE STATEMENT
Title New era for plan-making
260 ## - PUBLICATION, DISTRIBUTION, ETC.
Date of publication, distribution, etc. 2008
490 ## - SERIES STATEMENT
Series statement Planning
Volume/sequential designation (1774) 20 June 2008, 16-17(2)
520 ## - SUMMARY, ETC.
Summary, etc. Article looks at local spacial planning and Planning Policy Statement 12 (PPS12) and suggests that councils must embrace the new planning framework to offer creative planning solutions, while making more of an effort to engage sharholders. In addition highlighting to key changes brought about through PPS12, the authors make various suggestions for lessons that can be drawn from the statement. These include basing issues firmly on matters arising from initial consultations; entering into dialogue with local sharholders and using sustainability appraisal in the evaluation of options and to inform decisions.
590 ## - LOCAL NOTE (RLIN)
Local note KA
650 24 - SUBJECT ADDED ENTRY--TOPICAL TERM
Topical term or geographic name entry element PLANNING POLICY STATEMENT 12
690 ## - LOCAL SUBJECT ADDED ENTRY--TOPICAL TERM (OCLC, RLIN)
Topical term or geographic name as entry element ENVIRONMENTAL AND LAND CONSULTANCY-PLANNING AND DEVELOPMENT-PLANNING GUIDANCE
700 1# - ADDED ENTRY--PERSONAL NAME
Personal name Lee, Joanna
942 ## - ADDED ENTRY ELEMENTS (KOHA)
Suppress in OPAC 0
Holdings
Withdrawn status Lost status Source of classification or shelving scheme Damaged status Not for loan Home library Current library Shelving location Date acquired Total Checkouts Full call number Barcode Date last seen Copy number Price effective from Koha item type
    Dewey Decimal Classification     London London Journal article 04/07/2008   L144213 144213-1001 06/08/2019 1 06/08/2019 Journal article